Normal view
MARC view
Entry Personal Name
001 - CONTROL NUMBER
- control field: 57899
003 - CONTROL NUMBER IDENTIFIER
- control field: MY-SjTCS
005 - DATE AND TIME OF LATEST TRANSACTION
- control field: 20191205134558.0
008 - FIXED-LENGTH DATA ELEMENTS
- fixed length control field: 111123nn a|a||abb| a a|a d
039 #9 -
- : 201111231207
- : shuhada
040 ## - CATALOGING SOURCE
- Original cataloging agency: VRT
- Transcribing agency: VRT
100 1# - HEADING--PERSONAL NAME
- Personal name: Effing, W.
- Fuller form of name: (Wolfgang)
400 1# - SEE FROM TRACING--PERSONAL NAME
- Control subfield: nne
- Personal name: Effing, Wolfgang
670 ## - SOURCE DATA FOUND
- Source citation: Smart card handbook, 2010.:
- Information found: t.p. (Wolfgang Rankl and Wolfgang Effing ; translated by Kenneth Cox.)
999 ## -
- : VIRTUA4 x
999 ## -
- : VTLSSORT0080*0400*1000*4000*6700*9991